[Event "21st Sants Open 2019"]
[Site "Cotxeres de Sants"]
[Date "2019.08.25"]
[Round "3.3"]
[White "Idani, Pouya"]
[Black "Melia, Salome"]
[Result "1/2-1/2"]
[WhiteElo "2581"]
[BlackElo "2376"]
[Annotator "ChessBase"]
[PlyCount "89"]
[EventDate "2019.08.22"]
[EventType "swiss"]
[EventCountry "ESP"]
[SourceTitle "playchess.com"]
[Source "ChessBase"]
[SourceQuality "1"]
[TimeControl "40/5400+30:1800+30"]

1. d4 {[%emt 0:00:00]} Nf6 {[%emt 0:00:28]} 2. c4 {[%emt 0:00:00]} e6 {[%emt 0:00:03]} 3. Nc3 {[%emt 0:00:00]} Bb4 {[%emt 0:00:20]} 4. f3 {[%emt 0:00:00]} d5 {[%emt 0:04:46]} 5. a3 {[%emt 0:00:08]} Bxc3+ {[%emt 0:00:49]} 6. bxc3 {[%emt 0:00:06]} c5 {[%emt 0:00:13]} 7. cxd5 {[%emt 0:00:04]} Nxd5 {[%emt 0:01:37]} 8. dxc5 {[%emt 0:00:05]} f5 {[%emt 0:04:32]} 9. Nh3 {[%emt 0:00:04]} Qa5 {[%emt 0:05:17]} 10. e4 {[%emt 0:00:06]} fxe4 {[%emt 0:01:09]} 11. Nf2 {[%emt 0:00:05]} Nf6 {[%emt 0:07:10]} 12. fxe4 {[%emt 0:10:21]} O-O {[%emt 0:00:10]} 13. Qd4 {[%emt 0:11:47]} Na6 {[%emt 0:17:24]} 14. Be3 {[%emt 0:14:01]} e5 {[%emt 0:03:05]} 15. Qxe5 {[%emt 0:03:56]} Re8 {[%emt 0:01:09]} 16. Qd4 {[%emt 0:07:35]} Be6 {[%emt 0:13:01]} 17. Bc4 {[%emt 0:00:59]} Nxc5 {[%emt 0:00:57]} 18. O-O {[%emt 0:01:51]} Kh8 {[%emt 0:05:47]} 19. Qxc5 {[%emt 0:04:44]} Qxc5 {[%emt 0:00:28]} 20. Bxc5 {[%emt 0:00:05]} Bxc4 {[%emt 0:00:04]} 21. Rfe1 {[%emt 0:00:04]} Nd7 {[%emt 0:05:12]} 22. Bd4 {[%emt 0:04:35]} Ne5 {[%emt 0:00:15]} 23. Re3 {[%emt 0:02:18]} Nc6 {[%emt 0:06:27]} 24. Rg3 {[%emt 0:03:23]} Re7 {[%emt 0:00:06]} 25. Be3 {[%emt 0:06:15]} Rd7 {[%emt 0:01:39]} 26. Rg5 {[%emt 0:01:14]} Re8 {[%emt 0:01:58]} 27. Rc5 {[%emt 0:00:46]} Bf7 {[%emt 0:03:12]} 28. Bf4 {[%emt 0:00:17]} h6 {[%emt 0:01:45]} 29. a4 {[%emt 0:02:44]} Bg6 {[%emt 0:05:12]} 30. Re1 {[%emt 0:01:25]} Rde7 {[%emt 0:02:05]} 31. e5 {[%emt 0:00:05]} Nd8 {[%emt 0:01:31]} 32. Bg3 {[%emt 0:04:21]} Ne6 {[%emt 0:00:16]} 33. Rc4 {[%emt 0:00:15]} Rd7 {[%emt 0:01:20]} 34. Rd1 {[%emt 0:02:01]} Rxd1+ {[%emt 0:03:09]} 35. Nxd1 {[%emt 0:00:05]} Rd8 {[%emt 0:00:28]} 36. Ne3 {[%emt 0:00:12]} Rd3 {[%emt 0:02:45]} 37. Kf2 {[%emt 0:01:58]} Rd2+ {[%emt 0:01:57]} 38. Ke1 {[%emt 0:00:22]} Rd3 {[%emt 0:00:15]} 39. Rc8+ {[%emt 0:01:38]} Kh7 {[%emt 0:00:01]} 40. Ke2 {[%emt 0:00:00]} Rd7 {[%emt 0:00:00]} 41. Nc4 {[%emt 0:06:43]} Be4 {[%emt 0:05:45]} 42. Nd6 {[%emt 0:03:47]} Bxg2 {[%emt 0:01:54]} 43. a5 {[%emt 0:00:52]} a6 {[%emt 0:01:12]} 44. c4 {[%emt 0:02:53]} Rd8 {[%emt 0:02:55]} 45. Rxd8 {[%emt 0:01:24]} 1/2-1/2

[Event "21st Sants Open 2019"]
[Site "Cotxeres de Sants"]
[Date "2019.08.25"]
[Round "3.4"]
[White "Nogerbek, Kazybek"]
[Black "Henriquez Villagra, Cristobal"]
[Result "1/2-1/2"]
[WhiteElo "2375"]
[BlackElo "2562"]
[Annotator "ChessBase"]
[PlyCount "69"]
[EventDate "2019.08.22"]
[EventType "swiss"]
[EventCountry "ESP"]
[SourceTitle "playchess.com"]
[Source "ChessBase"]
[SourceQuality "1"]
[TimeControl "40/5400+30:1800+30"]

1. e4 {[%emt 0:00:00]} c6 {[%emt 0:00:00]} 2. Nf3 {[%emt 0:00:00]} d5 {[%emt 0:00:00]} 3. exd5 {[%emt 0:00:06]} cxd5 {[%emt 0:00:00]} 4. Ne5 {[%emt 0:00:08]} Qb6 {[%emt 0:01:20]} 5. d4 {[%emt 0:02:10]} Nc6 {[%emt 0:00:54]} 6. c3 {[%emt 0:01:07]} Bf5 {[%emt 0:16:08]} 7. Qb3 {[%emt 0:03:44]} f6 {[%emt 0:10:08]} 8. Nd3 {[%emt 0:05:04]} Qxb3 {[%emt 0:03:33]} 9. axb3 {[%emt 0:00:14]} e5 {[%emt 0:00:16]} 10. dxe5 {[%emt 0:01:34]} fxe5 {[%emt 0:00:05]} 11. b4 {[%emt 0:00:52]} Bd6 {[%emt 0:02:21]} 12. b5 {[%emt 0:02:24]} Nce7 {[%emt 0:06:55]} 13. Be3 {[%emt 0:00:48]} Nf6 {[%emt 0:00:59]} 14. Rxa7 {[%emt 0:09:48]} Rxa7 {[%emt 0:01:32]} 15. Bxa7 {[%emt 0:00:07]} Kd7 {[%emt 0:00:16]} 16. Na3 {[%emt 0:02:26]} Bxd3 {[%emt 0:05:52]} 17. Bxd3 {[%emt 0:00:21]} Ra8 {[%emt 0:00:10]} 18. b6 {[%emt 0:03:40]} Bxa3 {[%emt 0:04:50]} 19. bxa3 {[%emt 0:00:18]} Nc8 {[%emt 0:01:06]} 20. Kd2 {[%emt 0:03:09]} Nxa7 {[%emt 0:00:54]} 21. bxa7 {[%emt 0:00:08]} Rxa7 {[%emt 0:00:08]} 22. a4 {[%emt 0:01:16]} Kc7 {[%emt 0:04:44]} 23. Bc2 {[%emt 0:00:46]} g6 {[%emt 0:06:30]} 24. f3 {[%emt 0:01:43]} Ra6 {[%emt 0:00:51]} 25. Rb1 {[%emt 0:01:25]} Rb6 {[%emt 0:07:20]} 26. Rb4 {[%emt 0:00:45]} g5 {[%emt 0:04:34]} 27. a5 {[%emt 0:02:14]} Ra6 {[%emt 0:01:57]} 28. Rb5 {[%emt 0:01:27]} b6 {[%emt 0:00:07]} 29. axb6+ {[%emt 0:00:08]} Rxb6 {[%emt 0:00:04]} 30. Ra5 {[%emt 0:00:28]} Kd6 {[%emt 0:05:05]} 31. Ra7 {[%emt 0:05:15]} h6 {[%emt 0:01:43]} 32. Rg7 {[%emt 0:02:14]} Kc5 {[%emt 0:02:34]} 33. Re7 {[%emt 0:00:27]} Kd6 {[%emt 0:00:05]} 34. Rg7 {[%emt 0:00:05]} Kc5 {[%emt 0:00:14]} 35. Re7 {[%emt 0:00:09]} 1/2-1/2

[Event "21st Sants Open 2019"]
[Site "Cotxeres de Sants"]
[Date "2019.08.25"]
[Round "3.5"]
[White "Hillarp Persson, Tiger"]
[Black "Lopez Gonzalez, Abel Fabian"]
[Result "0-1"]
[WhiteElo "2558"]
[BlackElo "2370"]
[Annotator "ChessBase"]
[PlyCount "74"]
[EventDate "2019.08.22"]
[EventType "swiss"]
[EventCountry "ESP"]
[SourceTitle "playchess.com"]
[Source "ChessBase"]
[SourceQuality "1"]
[TimeControl "40/5400+30:1800+30"]

1. Nf3 d5 2. d3 c5 3. g3 Nc6 4. Bg2 e5 5. O-O h6 6. a3 Be6 7. Nbd2 Qc7 8. c4 Nf6 9. cxd5 Nxd5 10. e3 Be7 11. Qc2 Rc8 12. b3 O-O 13. Bb2 Rfd8 14. Rac1 f6 15. Qb1 Qd7 16. Rfe1 Nc7 17. Bf1 Bf8 18. Ba1 Qf7 19. h3 Qd7 20. Kh2 Bf5 21. Ne4 Ne6 22. d4 Kh8 23. dxe5 Nxe5 24. Bxe5 fxe5 25. Bg2 Qc7 26. Red1 Be7 27. h4 b5 28. Bh3 Bxh3 29. Kxh3 Rf8 30. Kg2 c4 31. bxc4 Bxa3 32. Rc2 Qf7 33. Nfd2 bxc4 34. Rxc4 Rb8 35. Qa1 Bb4 36. Qxe5 Bxd2 37. Rxd2 Qf3+ 0-1

[Event "21st Sants Open 2019"]
[Site "Cotxeres de Sants"]
[Date "2019.08.25"]
[Round "3.6"]
[White "Hernandez, Cristian Andres"]
[Black "Puranik, Abhimanyu"]
[Result "0-1"]
[WhiteElo "2362"]
[BlackElo "2550"]
[Annotator "ChessBase"]
[PlyCount "78"]
[EventDate "2019.08.22"]
[EventType "swiss"]
[EventCountry "ESP"]
[SourceTitle "playchess.com"]
[Source "ChessBase"]
[SourceQuality "1"]
[TimeControl "40/5400+30:1800+30"]

1. Nf3 Nf6 2. c4 g6 3. Nc3 d5 4. cxd5 Nxd5 5. Qb3 Nb6 6. d4 Bg7 7. Bf4 Be6 8. Qa3 c5 9. d5 Nxd5 10. Rd1 Bxc3+ 11. bxc3 Qb6 12. Bh6 Nc6 13. e4 Nf6 14. Ng5 Ng4 15. Nxe6 fxe6 16. Bc1 O-O 17. f3 c4 18. Rd2 Nge5 19. Rb2 Qc7 20. Qa4 Na5 21. Rb5 b6 22. Qc2 Rad8 23. Rxe5 Qxe5 24. Be3 b5 25. Be2 Nb7 26. O-O Nc5 27. Rb1 a6 28. Bf1 Rd7 29. Be2 Nd3 30. Rd1 Rfd8 31. Rb1 a5 32. Kh1 Rc8 33. a3 Rb8 34. Rd1 Rbd8 35. Rb1 Qd6 36. Rxb5 Qxa3 37. h4 Ne1 38. Qc1 Qxc1 39. Bxc1 Rd1 0-1

[Event "21st Sants Open 2019"]
[Site "Cotxeres de Sants"]
[Date "2019.08.25"]
[Round "3.7"]
[White "Antal, Gergely"]
[Black "Dedebas, Emre Emin"]
[Result "1/2-1/2"]
[WhiteElo "2549"]
[BlackElo "2346"]
[Annotator "ChessBase"]
[PlyCount "119"]
[EventDate "2019.08.22"]
[EventType "swiss"]
[EventCountry "ESP"]
[SourceTitle "playchess.com"]
[Source "ChessBase"]
[SourceQuality "1"]
[TimeControl "40/5400+30:1800+30"]

1. e4 {[%emt 0:00:00]} e5 {[%emt 0:00:00]} 2. Nc3 {[%emt 0:00:00]} Nf6 {[%emt 0:01:05]} 3. g3 {[%emt 0:00:00]} Bc5 {[%emt 0:01:27]} 4. Bg2 {[%emt 0:00:15]} O-O {[%emt 0:01:08]} 5. Nge2 {[%emt 0:01:13]} Re8 {[%emt 0:04:02]} 6. O-O {[%emt 0:01:02]} Nc6 {[%emt 0:02:03]} 7. d3 {[%emt 0:00:11]} Nd4 {[%emt 0:07:42]} 8. Nxd4 {[%emt 0:03:35]} Bxd4 {[%emt 0:06:04]} 9. h3 {[%emt 0:01:32]} c6 {[%emt 0:01:19]} 10. g4 {[%emt 0:08:39]} h6 {[%emt 0:14:45]} 11. Ne2 {[%emt 0:03:28]} Bc5 {[%emt 0:00:22]} 12. Ng3 {[%emt 0:05:44]} d5 {[%emt 0:04:20]} 13. Qf3 {[%emt 0:04:56]} dxe4 {[%emt 0:04:18]} 14. dxe4 {[%emt 0:00:03]} Nh7 {[%emt 0:01:30]} 15. Nf5 {[%emt 0:02:22]} Bxf5 {[%emt 0:07:47]} 16. exf5 {[%emt 0:00:19]} e4 {[%emt 0:04:28]} 17. Qb3 {[%emt 0:00:23]} Qc7 {[%emt 0:06:57]} 18. Re1 {[%emt 0:05:36]} Nf6 {[%emt 0:04:14]} 19. Be3 {[%emt 0:01:37]} Bxe3 {[%emt 0:03:03]} 20. Rxe3 {[%emt 0:01:46]} Re7 {[%emt 0:00:47]} 21. Rae1 {[%emt 0:02:26]} Rae8 {[%emt 0:00:07]} 22. R3e2 {[%emt 0:03:15]} Qa5 {[%emt 0:03:46]} 23. a3 {[%emt 0:06:11]} Qc7 {[%emt 0:06:11]} 24. Kf1 {[%emt 0:08:42]} Re5 {[%emt 0:05:53]} 25. Qg3 {[%emt 0:01:37]} Qb6 {[%emt 0:01:14]} 26. b3 {[%emt 0:02:04]} Qa6 {[%emt 0:01:36]} 27. a4 {[%emt 0:05:12]} e3 {[%emt 0:01:53]} 28. f3 {[%emt 0:10:05]} Qa5 {[%emt 0:01:57]} 29. f4 {[%emt 0:01:06]} Rc5 {[%emt 0:01:12]} 30. c4 {[%emt 0:06:20]} b5 {[%emt 0:00:19]} 31. cxb5 {[%emt 0:02:31]} cxb5 {[%emt 0:01:05]} 32. Rxe3 {[%emt 0:00:05]} Rxe3 {[%emt 0:02:19]} 33. Qxe3 {[%emt 0:00:02]} bxa4 {[%emt 0:00:04]} 34. bxa4 {[%emt 0:00:03]} Rc8 {[%emt 0:00:48]} 35. Qb3 {[%emt 0:08:28]} Qc5 {[%emt 0:00:21]} 36. Bf3 {[%emt 0:00:45]} Qd4 {[%emt 0:01:09]} 37. Qe3 {[%emt 0:03:39]} Qxa4 {[%emt 0:00:17]} 38. g5 {[%emt 0:00:35]} Re8 {[%emt 0:00:05]} 39. Qd2 {[%emt 0:00:26]} Rxe1+ {[%emt 0:01:21]} 40. Kxe1 {[%emt 0:00:00]} hxg5 {[%emt 0:00:00]} 41. fxg5 {[%emt 0:00:15]} Qh4+ {[%emt 0:05:30]} 42. Ke2 {[%emt 0:03:08]} Qc4+ 43. Qd3 {[%emt 0:00:06]} Qxd3+ {[%emt 0:11:55]} 44. Kxd3 {[%emt 0:00:02]} Nd7 {[%emt 0:02:18]} 45. Kd4 {[%emt 0:00:49]} Kf8 46. Bc6 Ke7 {[%emt 0:02:34]} 47. h4 {[%emt 0:00:35]} Nf8 {[%emt 0:06:12]} 48. Kd5 {[%emt 0:00:38]} Nh7 {[%emt 0:00:27]} 49. Ba4 {[%emt 0:00:28]} Nf8 {[%emt 0:03:51]} 50. Bb5 {[%emt 0:00:36]} Nh7 {[%emt 0:00:09]} 51. Kc6 {[%emt 0:01:46]} g6 {[%emt 0:01:33]} 52. Bd3 {[%emt 0:00:09]} gxf5 {[%emt 0:00:30]} 53. Bxf5 {[%emt 0:00:04]} Nf8 {[%emt 0:00:13]} 54. h5 {[%emt 0:00:12]} a5 {[%emt 0:00:44]} 55. Kb5 {[%emt 0:00:06]} Kd6 {[%emt 0:00:36]} 56. Kxa5 {[%emt 0:01:46]} Ke5 {[%emt 0:00:17]} 57. Bb1 {[%emt 0:00:08]} Kf4 {[%emt 0:00:20]} 58. g6 {[%emt 0:00:02]} fxg6 {[%emt 0:00:09]} 59. hxg6 {[%emt 0:00:02]} Nxg6 {[%emt 0:00:04]} 60. Bxg6 1/2-1/2

[Event "21st Sants Open 2019"]
[Site "Cotxeres de Sants"]
[Date "2019.08.25"]
[Round "3.8"]
[White "Vidarte Morales, Arturo"]
[Black "Gordon, Stephen J"]
[Result "1/2-1/2"]
[WhiteElo "2355"]
[BlackElo "2520"]
[Annotator "ChessBase"]
[PlyCount "103"]
[EventDate "2019.08.22"]
[EventType "swiss"]
[EventCountry "ESP"]
[SourceTitle "playchess.com"]
[Source "ChessBase"]
[SourceQuality "1"]
[TimeControl "40/5400+30:1800+30"]

1. Nf3 {[%emt 0:00:00]} e6 {[%emt 0:08:22]} 2. g3 {[%emt 0:00:00]} b5 {[%emt 0:00:14]} 3. Bg2 {[%emt 0:00:00]} Bb7 {[%emt 0:00:03]} 4. O-O {[%emt 0:00:09]} c5 {[%emt 0:01:37]} 5. d3 {[%emt 0:00:05]} Nf6 {[%emt 0:03:45]} 6. e4 {[%emt 0:00:19]} d6 {[%emt 0:00:23]} 7. Qe2 {[%emt 0:00:54]} Be7 {[%emt 0:01:34]} 8. Na3 {[%emt 0:01:00]} a6 {[%emt 0:05:03]} 9. c3 {[%emt 0:01:29]} O-O {[%emt 0:00:41]} 10. Nc2 {[%emt 0:01:10]} Nbd7 {[%emt 0:03:00]} 11. Nd2 {[%emt 0:01:07]} e5 {[%emt 0:11:05]} 12. Ne3 {[%emt 0:00:37]} g6 {[%emt 0:03:01]} 13. c4 {[%emt 0:11:22]} Re8 {[%emt 0:11:26]} 14. b3 {[%emt 0:09:06]} Bf8 {[%emt 0:01:38]} 15. Bb2 {[%emt 0:02:03]} Bh6 {[%emt 0:07:26]} 16. Rfd1 {[%emt 0:10:02]} Nb8 {[%emt 0:03:03]} 17. Nd5 {[%emt 0:00:51]} Nc6 {[%emt 0:01:12]} 18. Nf1 {[%emt 0:05:51]} Nxd5 {[%emt 0:01:04]} 19. cxd5 {[%emt 0:00:23]} Nd4 {[%emt 0:00:01]} 20. Bxd4 {[%emt 0:02:12]} cxd4 {[%emt 0:00:11]} 21. a4 {[%emt 0:04:15]} Qb6 {[%emt 0:04:15]} 22. Bh3 {[%emt 0:01:27]} Bc8 {[%emt 0:00:57]} 23. Bxc8 {[%emt 0:02:03]} Rexc8 {[%emt 0:02:08]} 24. b4 {[%emt 0:04:49]} a5 {[%emt 0:08:02]} 25. Rdb1 {[%emt 0:29:09]} Rcb8 {[%emt 0:08:21]} 26. Qe1 {[%emt 0:07:06]} Kg7 {[%emt 0:07:53]} 27. bxa5 {[%emt 0:02:14]} Rxa5 {[%emt 0:02:52]} 28. axb5 {[%emt 0:00:49]} Rxa1 {[%emt 0:00:17]} 29. Rxa1 {[%emt 0:00:04]} Qxb5 {[%emt 0:00:02]} 30. Qe2 {[%emt 0:00:20]} Rb7 {[%emt 0:01:50]} 31. h4 {[%emt 0:00:33]} Rc7 {[%emt 0:00:31]} 32. Qf3 {[%emt 0:02:11]} Bc1 {[%emt 0:02:08]} 33. Kg2 {[%emt 0:00:30]} h5 {[%emt 0:00:26]} 34. Ra8 {[%emt 0:01:07]} Qd7 {[%emt 0:01:20]} 35. Ra6 {[%emt 0:00:15]} Bh6 {[%emt 0:00:51]} 36. Rb6 {[%emt 0:00:36]} Rc3 {[%emt 0:00:30]} 37. Ra6 {[%emt 0:00:40]} Qg4 {[%emt 0:00:38]} 38. Qxg4 {[%emt 0:01:35]} hxg4 {[%emt 0:00:02]} 39. Rxd6 {[%emt 0:00:21]} Rxd3 {[%emt 0:00:08]} 40. Ra6 {[%emt 0:00:00]} Rb3 {[%emt 0:00:00]} 41. d6 {[%emt 0:00:21]} Rb7 {[%emt 0:04:37]} 42. Ra5 {[%emt 0:02:24]} Rd7 {[%emt 0:06:21]} 43. Rd5 {[%emt 0:00:45]} Kf6 {[%emt 0:08:17]} 44. Nh2 {[%emt 0:01:27]} Ke6 {[%emt 0:00:23]} 45. Nxg4 {[%emt 0:00:11]} Bg7 {[%emt 0:00:32]} 46. f3 {[%emt 0:00:19]} f5 {[%emt 0:05:16]} 47. Nf2 {[%emt 0:02:31]} Bf8 {[%emt 0:00:40]} 48. Nh3 {[%emt 0:07:50]} Bh6 {[%emt 0:03:56]} 49. Nf2 {[%emt 0:00:12]} Bf8 {[%emt 0:00:14]} 50. Nh3 {[%emt 0:00:12]} Bh6 {[%emt 0:00:44]} 51. Nf2 {[%emt 0:00:20]} Bf8 {[%emt 0:00:16]} 52. Nh3 1/2-1/2

[Event "21st Sants Open 2019"]
[Site "Cotxeres de Sants"]
[Date "2019.08.25"]
[Round "3.9"]
[White "Krysa, Leandro"]
[Black "Guerra Rivera, Salvador"]
[Result "1-0"]
[WhiteElo "2516"]
[BlackElo "2344"]
[Annotator "ChessBase"]
[PlyCount "47"]
[EventDate "2019.08.22"]
[EventType "swiss"]
[EventCountry "ESP"]
[SourceTitle "playchess.com"]
[Source "ChessBase"]
[SourceQuality "1"]
[TimeControl "40/5400+30:1800+30"]

1. c4 {[%emt 0:00:00]} Nf6 {[%emt 0:01:43]} 2. Nc3 {[%emt 0:00:00]} e5 {[%emt 0:02:14]} 3. Nf3 {[%emt 0:00:12]} d6 {[%emt 0:00:13]} 4. g3 {[%emt 0:02:35]} g6 {[%emt 0:00:42]} 5. Bg2 {[%emt 0:01:22]} Bg7 {[%emt 0:00:09]} 6. d4 {[%emt 0:01:43]} Nbd7 {[%emt 0:04:08]} 7. O-O {[%emt 0:00:12]} O-O {[%emt 0:00:11]} 8. b3 {[%emt 0:00:11]} exd4 {[%emt 0:03:15]} 9. Nxd4 {[%emt 0:00:06]} Re8 {[%emt 0:00:11]} 10. Qc2 {[%emt 0:07:45]} a5 {[%emt 0:03:42]} 11. Ba3 {[%emt 0:02:19]} Nc5 {[%emt 0:04:21]} 12. Rad1 {[%emt 0:03:10]} Nfd7 {[%emt 0:04:45]} 13. Ndb5 {[%emt 0:01:03]} Ne6 {[%emt 0:03:56]} 14. Rd2 {[%emt 0:08:12]} Ndc5 {[%emt 0:05:02]} 15. e4 {[%emt 0:14:14]} Na6 {[%emt 0:14:04]} 16. Bb2 {[%emt 0:05:03]} Nec5 {[%emt 0:07:35]} 17. Qd1 {[%emt 0:09:04]} f5 {[%emt 0:06:25]} 18. Re1 {[%emt 0:01:33]} fxe4 {[%emt 0:04:13]} 19. Nxe4 {[%emt 0:00:41]} Bxb2 {[%emt 0:04:46]} 20. Rxb2 {[%emt 0:00:32]} Bf5 {[%emt 0:00:57]} 21. Nxc5 {[%emt 0:06:01]} Rxe1+ {[%emt 0:02:30]} 22. Qxe1 {[%emt 0:00:04]} Nxc5 {[%emt 0:00:04]} 23. Bd5+ {[%emt 0:00:43]} Kh8 {[%emt 0:02:07]} 24. Qc3+ {[%emt 0:00:36]} 1-0

[Event "21st Sants Open 2019"]
[Site "Cotxeres de Sants"]
[Date "2019.08.25"]
[Round "3.10"]
[White "Salinas Herrera, Pablo"]
[Black "Vergara Jofre, Felipe"]
[Result "1-0"]
[WhiteElo "2506"]
[BlackElo "2339"]
[Annotator "ChessBase"]
[PlyCount "55"]
[EventDate "2019.08.22"]
[EventType "swiss"]
[EventCountry "ESP"]
[SourceTitle "playchess.com"]
[Source "ChessBase"]
[SourceQuality "1"]
[TimeControl "40/5400+30:1800+30"]

1. e4 {[%emt 0:06:15]} e5 {[%emt 0:01:49]} 2. Nf3 {[%emt 0:00:05]} Nc6 {[%emt 0:00:01]} 3. Bb5 {[%emt 0:00:08]} a6 {[%emt 0:00:04]} 4. Ba4 {[%emt 0:00:03]} Nf6 {[%emt 0:00:20]} 5. O-O {[%emt 0:00:05]} Be7 {[%emt 0:00:06]} 6. d3 {[%emt 0:00:05]} b5 {[%emt 0:00:04]} 7. Bb3 {[%emt 0:00:04]} d6 {[%emt 0:00:02]} 8. a3 {[%emt 0:00:06]} O-O {[%emt 0:00:12]} 9. Nc3 {[%emt 0:00:04]} Rb8 {[%emt 0:00:03]} 10. Be3 {[%emt 0:15:53]} Na5 {[%emt 0:00:11]} 11. Ba2 {[%emt 0:00:06]} c5 {[%emt 0:00:02]} 12. Nd5 {[%emt 0:00:06]} c4 {[%emt 0:02:00]} 13. Nxe7+ {[%emt 0:09:01]} Qxe7 {[%emt 0:00:07]} 14. Qe1 {[%emt 0:00:04]} Qc7 {[%emt 0:30:00]} 15. Bg5 {[%emt 0:02:40]} Be6 {[%emt 0:05:10]} 16. Bxf6 {[%emt 0:10:25]} gxf6 {[%emt 0:00:03]} 17. Nh4 {[%emt 0:00:44]} d5 {[%emt 0:15:38]} 18. exd5 {[%emt 0:13:29]} Bxd5 {[%emt 0:00:02]} 19. Qd2 {[%emt 0:00:22]} Be6 {[%emt 0:16:16]} 20. Qh6 {[%emt 0:05:28]} Nc6 {[%emt 0:02:14]} 21. Rae1 {[%emt 0:04:08]} Qd8 {[%emt 0:04:14]} 22. dxc4 {[%emt 0:02:37]} bxc4 {[%emt 0:00:38]} 23. Bxc4 {[%emt 0:00:18]} Ne7 {[%emt 0:03:06]} 24. Bd3 {[%emt 0:00:13]} Ng6 {[%emt 0:01:43]} 25. Bxg6 {[%emt 0:11:52]} fxg6 {[%emt 0:00:28]} 26. Nxg6 {[%emt 0:01:02]} Re8 {[%emt 0:02:43]} 27. Nh4 {[%emt 0:02:40]} Kh8 {[%emt 0:06:01]} 28. Rd1 {[%emt 0:00:17]} 1-0

[Event "21st Sants Open 2019"]
[Site "Cotxeres de Sants"]
[Date "2019.08.25"]
[Round "3.11"]
[White "Garcia Ramos, Daniel"]
[Black "Harsha Bharathakoti"]
[Result "1-0"]
[WhiteElo "2348"]
[BlackElo "2489"]
[Annotator "ChessBase"]
[PlyCount "99"]
[EventDate "2019.08.22"]
[EventType "swiss"]
[EventCountry "ESP"]
[SourceTitle "playchess.com"]
[Source "ChessBase"]
[SourceQuality "1"]
[TimeControl "40/5400+30:1800+30"]

1. e4 {[%emt 0:00:00]} c5 {[%emt 0:04:04]} 2. Nf3 {[%emt 0:00:00]} d6 {[%emt 0:00:12]} 3. d4 {[%emt 0:00:43]} cxd4 {[%emt 0:00:06]} 4. Nxd4 {[%emt 0:00:04]} Nf6 {[%emt 0:00:08]} 5. f3 {[%emt 0:00:49]} e5 {[%emt 0:00:08]} 6. Nb3 {[%emt 0:00:06]} d5 {[%emt 0:00:56]} 7. Bg5 {[%emt 0:00:11]} d4 {[%emt 0:01:55]} 8. c3 {[%emt 0:00:49]} Nc6 {[%emt 0:03:05]} 9. Bb5 {[%emt 0:00:11]} h6 {[%emt 0:07:42]} 10. Bh4 {[%emt 0:07:44]} Qb6 {[%emt 0:19:15]} 11. a4 {[%emt 0:11:20]} Be6 {[%emt 0:13:59]} 12. N1d2 {[%emt 0:05:23]} dxc3 {[%emt 0:11:56]} 13. bxc3 {[%emt 0:00:28]} Be7 {[%emt 0:00:52]} 14. Bf2 {[%emt 0:01:38]} Qc7 {[%emt 0:00:03]} 15. O-O {[%emt 0:04:03]} O-O {[%emt 0:00:39]} 16. Qe2 {[%emt 0:02:19]} Nb8 {[%emt 0:12:35]} 17. Bc4 {[%emt 0:08:49]} Bxc4 {[%emt 0:00:04]} 18. Nxc4 {[%emt 0:00:08]} Nbd7 {[%emt 0:00:13]} 19. Rfb1 {[%emt 0:18:36]} Rfc8 {[%emt 0:02:22]} 20. Nbd2 {[%emt 0:02:30]} Bc5 {[%emt 0:01:55]} 21. a5 {[%emt 0:00:51]} Rab8 {[%emt 0:05:46]} 22. Ra2 {[%emt 0:07:19]} b5 {[%emt 0:03:31]} 23. axb6 {[%emt 0:06:12]} Nxb6 {[%emt 0:00:05]} 24. Ne3 {[%emt 0:00:24]} Nbd7 {[%emt 0:01:27]} 25. Rba1 {[%emt 0:00:38]} Kh7 {[%emt 0:00:53]} 26. g3 {[%emt 0:02:43]} Rb7 {[%emt 0:00:31]} 27. Kg2 {[%emt 0:01:12]} g6 {[%emt 0:01:39]} 28. Ra6 {[%emt 0:03:08]} Kg7 {[%emt 0:00:56]} 29. R1a2 {[%emt 0:02:03]} Rcb8 {[%emt 0:03:32]} 30. Ndc4 {[%emt 0:03:08]} Rb3 {[%emt 0:00:38]} 31. Nd5 {[%emt 0:01:59]} Nxd5 {[%emt 0:00:06]} 32. exd5 {[%emt 0:00:03]} Bxf2 {[%emt 0:01:04]} 33. Rc6 {[%emt 0:00:07]} Qd8 {[%emt 0:00:35]} 34. Qxf2 {[%emt 0:00:22]} Nb6 {[%emt 0:03:17]} 35. Nxe5 {[%emt 0:03:34]} Qxd5 {[%emt 0:00:19]} 36. Rc5 {[%emt 0:00:15]} Qd6 {[%emt 0:00:59]} 37. Rd2 {[%emt 0:01:44]} Qe6 {[%emt 0:00:19]} 38. Qd4 {[%emt 0:00:09]} Kh7 {[%emt 0:00:40]} 39. Rc7 {[%emt 0:00:16]} Rf8 {[%emt 0:00:03]} 40. Qd6 {[%emt 0:00:00]} Qxd6 {[%emt 0:00:00]} 41. Rxd6 {[%emt 0:06:10]} Kg8 {[%emt 0:01:35]} 42. c4 {[%emt 0:00:43]} Rc3 {[%emt 0:02:07]} 43. f4 {[%emt 0:04:03]} h5 {[%emt 0:03:17]} 44. Kh3 {[%emt 0:00:37]} Rc2 {[%emt 0:00:45]} 45. Rdc6 {[%emt 0:01:00]} Ra2 {[%emt 0:02:15]} 46. Rf6 {[%emt 0:01:15]} Rc2 {[%emt 0:00:13]} 47. Rfc6 {[%emt 0:05:01]} Ra2 {[%emt 0:00:05]} 48. Rb7 {[%emt 0:00:37]} Nc8 {[%emt 0:14:58]} 49. c5 {[%emt 0:00:28]} Re8 {[%emt 0:00:04]} 50. Rcc7 {[%emt 0:00:34]} 1-0

[Event "21st Sants Open 2019"]
[Site "Cotxeres de Sants"]
[Date "2019.08.25"]
[Round "3.12"]
[White "Arjun Kalyan"]
[Black "Vehi Bach, Victor Manuel"]
[Result "1-0"]
[WhiteElo "2482"]
[BlackElo "2331"]
[Annotator "ChessBase"]
[PlyCount "39"]
[EventDate "2019.08.22"]
[EventType "swiss"]
[EventCountry "ESP"]
[SourceTitle "playchess.com"]
[Source "ChessBase"]
[SourceQuality "1"]
[TimeControl "40/5400+30:1800+30"]

1. e4 {[%emt 0:00:00]} c5 {[%emt 0:00:00]} 2. Nf3 {[%emt 0:00:00]} e6 {[%emt 0:00:00]} 3. d4 {[%emt 0:00:00]} cxd4 {[%emt 0:00:00]} 4. Nxd4 {[%emt 0:00:00]} Nf6 {[%emt 0:00:01]} 5. Nc3 {[%emt 0:00:06]} d6 {[%emt 0:00:07]} 6. g4 {[%emt 0:00:19]} h6 {[%emt 0:00:19]} 7. Rg1 {[%emt 0:00:25]} Nc6 {[%emt 0:01:49]} 8. Be3 {[%emt 0:00:21]} a6 {[%emt 0:14:24]} 9. Nxc6 {[%emt 0:00:39]} bxc6 {[%emt 0:00:09]} 10. Qf3 {[%emt 0:00:08]} Be7 {[%emt 0:19:53]} 11. O-O-O {[%emt 0:03:27]} d5 {[%emt 0:09:16]} 12. h4 {[%emt 0:04:22]} Qa5 {[%emt 0:10:43]} 13. g5 {[%emt 0:16:25]} hxg5 {[%emt 0:00:11]} 14. hxg5 {[%emt 0:08:24]} Nd7 {[%emt 0:00:08]} 15. exd5 {[%emt 0:01:57]} cxd5 {[%emt 0:01:55]} 16. Bd4 {[%emt 0:02:29]} Bb7 {[%emt 0:10:17]} 17. Bh3 {[%emt 0:03:08]} Rxh3 {[%emt 0:17:12]} 18. Qxh3 {[%emt 0:00:50]} e5 {[%emt 0:00:05]} 19. Qh8+ {[%emt 0:10:38]} Bf8 {[%emt 0:00:11]} 20. Bxe5 {[%emt 0:00:44]} 1-0